Elementos de derecho internacional del mar
সংরক্ষণ করুন:
| প্রধান লেখক: | |
|---|---|
| বিন্যাস: | গ্রন্থ |
| ভাষা: | স্প্যানিশ |
| প্রকাশিত: |
Madrid
Tecnos
1995
|
| মালা: | Colección Biblioteca Universitaria
|
| বিষয়গুলি: | |
| ট্যাগগুলো: |
ট্যাগ যুক্ত করুন
কোনো ট্যাগ নেই, প্রথমজন হিসাবে ট্যাগ করুন!
|
MARC
| LEADER | 00000nam a2200000 a 4500 | ||
|---|---|---|---|
| 001 | UCP4779 | ||
| 003 | CL-VaPUC | ||
| 008 | 990813e19950000SP |||||||||||||||||spa|d | ||
| 082 | 0 | 4 | |a 341.45 |b SCO |2 21 |
| 100 | 0 | |a Scovazzi, Tullio |e author |9 432663 | |
| 245 | 1 | 0 | |a Elementos de derecho internacional del mar |
| 300 | |a 220 p | ||
| 942 | |c BK | ||
| 945 | |d 19990813 00:00:00 |a vberengu | ||
| 260 | |a Madrid |b Tecnos |c 1995 | ||
| 650 | 0 | |a Derecho marítimo |9 255301 | |
| 650 | 7 | |a CONTAMINACION MARINA |2 CL-VaPUC |9 432664 | |
| 650 | 0 | |a Derecho del mar |9 257927 | |
| 650 | 0 | |a Fronteras |9 338773 | |
| 650 | 7 | |a MAR TERRITORIAL |2 CL-VaPUC |9 432665 | |
| 650 | 7 | |a PLATAFORMA CONTINENTAL |2 CL-VaPUC |9 255443 | |
| 650 | 0 | |a Zona económica exclusiva |9 382012 | |
| 650 | 0 | |a Zona contigua |9 432666 | |
| 583 | |a last modification |c 19990813 00:00:00 |k Rodrigo Vera | ||
| 490 | 0 | |a Colección Biblioteca Universitaria | |
| 999 | |c 282677 |d 282675 | ||
| 952 | |0 0 |1 0 |4 0 |6 341_450000000000000_SCO_1995 |7 0 |8 A |9 324752 |a BIBDER |b BIBDER |d 2019-11-20 |i 3536181 |l 2 |m 2 |o 341.45 SCO 1995 |p 3536181 |r 2023-01-25 |s 2022-09-07 |w 2019-11-20 |y BK |k DER | ||
| 952 | |0 0 |1 0 |4 0 |6 341_450000000000000_SCO_1995 |7 0 |8 A |9 324753 |a BIBDER |b BIBDER |d 2019-11-20 |i 4358007 |l 1 |o 341.45 SCO 1995 |p 4358007 |r 2023-01-25 |s 2022-10-06 |w 2019-11-20 |y BK |k DER | ||